000
00275nam a2200109Ia 4500
008
171211s9999 xx 000 0 und d
245
_a
Meisterspiele
245
_c
Rudolf Teschner
260
_c
1995
650
_x
GAMES
856
_u
http://down.ebook777.com/051/3283002894.pdf
999
_c
348974
_d
348974